000 00819nam a2200301Ia 4500
001 dia_138
003 CHAP
005 20221208114705.0
008 220117s1977 xx 000 0 und d
010 _a170570
020 _a8428202141
040 _cCHAP
082 _a519.5 L5 1977
100 _aLi, Ching Chun
_966607
245 _aIntroducción a la estadística experimental /
_c Ching Chun Li
250 _a2a ed.
260 _aEspaña :
_b Omega,
_c1977
300 _a496 p.
500 _aEs material fotocopiado
504 _aBibliografía: h. 492-493
590 _aQH405 C48 1977
650 _aEstadística
_938241
650 _aStatistics
_9144311
901 _a519.5 L5 1977
902 _aM
905 _a5232271977 sp nm 8122123322spa16
942 _cLIBRO
_2ddc
999 _c170570
_d170570